<?xml version="1.0" encoding="UTF-8"?>
<collection xmlns="http://www.loc.gov/MARC21/slim">
  <record>
    <leader>00000nam  2200000   4500</leader>
    <controlfield tag="001">INLIS000000000018291</controlfield>
    <controlfield tag="005">20240924090619</controlfield>
    <datafield tag="035" ind1="#" ind2="#">
      <subfield code="a">0010-0924000120</subfield>
    </datafield>
    <controlfield tag="007">ta</controlfield>
    <controlfield tag="008">240924###########################0######</controlfield>
    <datafield tag="245" ind1="#" ind2="#">
      <subfield code="a">KLINIK DANA DESA :</subfield>
      <subfield code="b">Klinik Dana Desa di Distrik Seget /</subfield>
      <subfield code="c">Albertho Kamumpat, S.E., M.M</subfield>
    </datafield>
    <datafield tag="260" ind1="#" ind2="#">
      <subfield code="a">Makassar :</subfield>
      <subfield code="b">Puslatbang KMP LAN RI Makassar,</subfield>
      <subfield code="c">2023</subfield>
    </datafield>
    <datafield tag="300" ind1="#" ind2="#">
      <subfield code="a">11 ;</subfield>
      <subfield code="c">30</subfield>
    </datafield>
    <datafield tag="650" ind1="#" ind2="4">
      <subfield code="a">Keikutsertaan masyarakat dalam pengelolaan dana</subfield>
    </datafield>
    <datafield tag="700" ind1=" " ind2="#">
      <subfield code="a">Adi Bremantyo, S.IP., M.Si (Mentor)</subfield>
    </datafield>
    <datafield tag="700" ind1=" " ind2="#">
      <subfield code="a">Milawati, S.S., S.E.,M.M</subfield>
    </datafield>
    <datafield tag="520" ind1="#" ind2="#">
      <subfield code="a">Prioritas penggunaan dana desa diarahkan untuk membiayai pembangunan dan pemberdayaan masyarakat dengan tujuan untuk meningkatkan kesejahteraan masyarakat desa, meningkatkan kualitas hidupmanusia dan menanggulangi kemiskinan yang dituangkan dalam rencana kerja pemerintahan desa (PKP). Peran distrik berkaitan terhadaptugas fungsi dan pokok distrik dimana salah satunya adalah melaksanaan pembinaan penyelenggaraan pemerintahan desa. Pembinaan dilakukan untuk mengarahkan, mengontrol, mengevaluasi, atau memecahkan permasalahan guna menjadikan penyelenggaraan pemerintah desa menjadi lebih baik</subfield>
    </datafield>
    <datafield tag="856" ind1="#" ind2="#">
      <subfield code="a">Puslatbang KMP LAN RI Makassar</subfield>
    </datafield>
  </record>
</collection>
